| 000 | 00479nam a2200145Ia 4500 | ||
|---|---|---|---|
| 041 | _aKurdish | ||
| 082 | _a891,1 cut-928 ع | ||
| 100 | _a20260118u\\\\\\\\\\\y0engy0103\\\\ba | ||
| 100 | _aبێریڤان یووسف عەبدوڵڵا | ||
| 245 | 0 | _aهۆزانا ئافرەتان و ئەدەبێ کوردیدا دەڤەرا بادینان ٢٠٠٠ - ٢٠٠٨ | |
| 250 | _aچ1 | ||
| 260 |
_bچاپخانە حاجى هاشم _aهەوڵیر _c2012 |
||
| 300 | _a159 | ||
| 942 | _cBk | ||
| 999 |
_c189226 _d189226 |
||